| 000 | 01059cam a2200301 4500 | ||
|---|---|---|---|
| 001 | 23265 | ||
| 005 | 20230410120721.0 | ||
| 008 | 060907s2001 ve spa | ||
| 020 | _a9803252429 | ||
| 020 | _a9800018530 | ||
| 035 | _9funglode23433 | ||
| 041 | _aspa | ||
| 050 | 1 | 4 |
_aHT 1052.5 _bA811e 2001 |
| 100 | 1 | _aAscencio, Michaelle. | |
| 245 | 1 | 0 |
_aEntre Santa Bárbara y Shangó : _bla herencia de la plantación / _cMichaelle Ascencio Chancy. |
| 260 |
_aCaracas : _bUniversidad Central de Venezuela, Facultad de Ciencas Económicas y Sociales : _bFondo Editorial Trópykos, _cc2001. |
||
| 300 |
_a169 p. ; _c22 cm. |
||
| 650 | 0 |
_aSlavery _zLatin America. |
|
| 650 | 0 |
_aBlacks _zVenezuela _xHistory. |
|
| 650 | 0 |
_aPlantations _zVenezuela _xHistory. |
|
| 651 | 0 |
_aVenezuela _xRace relations. |
|
| 651 | 0 |
_aVenezuela _xReligious life and customs. |
|
| 650 | 0 |
_aBenito (Mythical saint) _xCult. |
|
| 650 | 4 |
_aEsclavitud _zAmérica Latina. |
|
| 650 | 4 |
_aNegros _xHistoria _zVenezuela. |
|
| 651 | 4 |
_aVenezuela _xRelaciones raciales. |
|
| 942 |
_2lcc _cbk |
||
| 999 |
_c50476 _d50476 |
||